000 00525nam a2200181Ia 4500
008 151018s9999 xx 000 0 und d
082 _bRBASDV45692
_a891.433
100 _aमोहन थानवी
245 _aकाला सुरज
250 _b1
260 _bऋचा रन्डीया
_c2006
300 _a80
600 _aमोहन थानवी
630 _aकाला सुरज
700 _aमोहन थानवी
730 _aकाला सुरज
942 _cBOOK
999 _c1044869
_d1044866